000 00348nam a2200133Ia 4500
008 240624s9999 xx 000 0 und d
041 _aeng
082 _a658.5 RAV
100 _aRAVINDRAN A RAVI
245 _aSUPPLY CHAIN ENGINEERING MODELS AND APPL
260 _c2019
_aNew Delhi
_bCRC Press
300 _axxiv, 521 p.; 23 cm.
365 _cRS
_b35
999 _c31719
_d31719